Movies Quiz

Random Movies Quiz

Movie by Robot Quiz Stats

 Plays Quiz Updated Oct 15, 2018

Also try: Fictional Robots
Challenge
Share
Tweet
Score 0/25 Timer 05:00
1 Play Today
Movie % Correct
Terminator 2: Judgment Day (1991)
88.3%
I, Robot (2004)
85%
Star Wars: Episode VI - Return of the Jedi (1983)
78.9%
Austin Powers: International Man of Mystery (1997)
77.4%
Transformers (2007)
65.7%
Star Trek: First Contact (1996)
62.1%
9 (2009)
59.8%
Spaceballs (1987)
56.2%
RoboCop (1987)
53.1%
Artificial Intelligence: AI (2001)
51.2%
Short Circuit (1986)
39.2%
Aliens (1986)
35.4%
Wallace and Gromit in A Close Shave (1995)
30.7%
Movie % Correct
Blade Runner (1982)
28.8%
Bill & Ted's Bogus Journey (1991)
26.5%
The Stepford Wives (1975)
24.6%
Metropolis (1927)
17.8%
Sleeper (1973)
10.9%
Westworld (1973)
7.6%
The Black Hole (1979)
7.4%
Logan's Run (1976)
5.1%
THX 1138 (1971)
4.5%
Barbarella (1968)
3.3%
Silent Running (1972)
3.1%
Dark Star (1974)
1.6%

You're not logged in!

Compare scores with friends on all Sporcle quizzes.
OR
Log In

You Might Also Like...

Show Comments

Extras

Top Quizzes Today


Score Distribution

Your Account Isn't Verified!

In order to create a playlist on Sporcle, you need to verify the email address you used during registration. Go to your Sporcle Settings to finish the process.

Report this User

Report this user for behavior that violates our Community Guidelines.

Details: